00747nam a2200217 i 450000100060000000300090000600500170001500800410003202000180007308000320009110000330012324500480015625000150020426000430021930000220026249000380028483000460032285200220036899900170039095201220040710106ES-MaACL20230906145823.0950213s1994 sp ||||1| spa d a84-7509-987-4 a1(081) Popper, Karl Raimund1 aPopper, Karl Raimund.99310810aEn busca de un mundo mejor / cKarl Popper. a[1ª ed.]. aBarcelona [etc.] : bPaidós, c1994. a314 p. ; c23 cm.1 aPaidós estado y sociedad ; v210 aPaidós estado y sociedad ; v219178635 aES-MaACLjL-17570 c10106d10106 00104070aATENEOMbATENEOMcDEPO2d2008-01-17eSCl0oL-17570p1010315r2023-02-23 00:00:00w2023-02-23yMONOGRAFIA